L'Agenda 21 local [Recurs electrònic] / producció: Insitut d'Edicions Insitut d'Edicions
Descripción Física:
1 disc òptic (CD-ROM) ; 12 cm
MARC
| LEADER | 00000nam a2200000Ia 4500 | ||
|---|---|---|---|
| 001 | 22791 | ||
| 008 | 160829s9999 xx 000 0 cat d | ||
| 080 | |a CD-1-167 | ||
| 245 | |a L'Agenda 21 local [Recurs electrònic] / producció: |b Insitut d'Edicions | ||
| 260 | |a Barcelona : |b Diputació de Barcelona, [200- ?] | ||
| 300 | |a 1 disc òptic (CD-ROM) ; |c 12 cm | ||
| 590 | |a Autoexecutable. | ||
| 590 | |a Flash Player | ||
| 650 | 0 | |a Desenvolupament sostenible |9 23028 | |
| 650 | |a Residus |x Eliminació |9 9511 | ||
| 710 | |a Barcelona (Catalunya : Província). |b Institut d'Edicions |9 53854 | ||
| 901 | |a Arxiu | ||
| 942 | |n 1 | ||
| 952 | |0 0 |1 0 |4 0 |6 CD1167 |7 1 |9 52587 |a Arxiu |b Arxiu |d 2016-12-01 |l 0 |o CD-1-167 |p 22791 |r 2016-12-01 00:00:00 |w 2016-12-01 |y ARXIU | ||
| 999 | |c 56436 |d 56436 | ||